|
|
|
|
| LEADER |
00000cam a2200000 7i4500 |
| 001 |
0000113236 |
| 005 |
20071025.0 |
| 020 |
|
|
|a 1592531431
|
| 090 |
0 |
0 |
|a 745.593
|b BOE
|
| 100 |
1 |
|
|a Boerens, Trice
|
| 245 |
1 |
0 |
|a 123 scrapbooks :
|b everything you need to know to make amazing pages
|c Trice Boerens and Sandi Genovese
|
| 260 |
|
|
|a USA :
|b Quarry Books ,
|c 2005
|
| 300 |
|
|
|a 304p. :
|b ill. ;
|c 28cm.
|
| 650 |
0 |
0 |
|a Photographs albums
|
| 650 |
0 |
0 |
|a Photographs
|x Conservation and restoration
|
| 650 |
0 |
0 |
|a Scrapbooks
|
| 700 |
1 |
|
|a Genovese, Sandi
|
| 999 |
|
|
|a 00207200
|b BUKU
|c PINJAMAN
|e PERPUSTAKAAN KOMUNITI PETALING JAYA
|